| 000 | 00000nam##2200000za#4500 |
| 001 | 9.534372 |
| 003 | CaOODSP |
| 005 | 20200327073838 |
| 007 | ta |
| 008 | 150406|2001||||xxc||||| f|0| 0 eng|d |
| 020 | |a0-660-61470-7 |
| 040 | |aCaOODSP|beng |
| 041 | |aeng |
| 041 | |afre |
| 043 | |an-cn--- |
| 086 | 1 |aBT31-2/2002-III-32 |
| 110 | 1 |aCanada. |bTreasury Board. |
| 245 | 10|aOffice of the Commissioner of Official Languages |
| 260 | |aOttawa - Ontario : |bTreasury Board of Canada Secretariat |c2001. |
| 300 | |aEnglish text, 30p. : |borganization chart, tables ; |c28 cm. |
| 490 | 1 |a2001-2002 estimates, part III: report on plans and priorities |
| 546 | |aBilingual |
| 563 | |aSoftcover |
| 590 | |a01-14|b2001-04-06 |
| 690 | 07|aEstimates|2gcpds |
| 776 | 0#|tOffice of the Commissioner of Official Languages, 2001-2002 main estimates, report on plans and priorities |w(CaOODSP)9.568334 |
| 776 | 0#|tCommissariat aux langues officielles, budget des dépenses 2001-2002, un rapport sur les plans et les priorités |w(CaOODSP)9.599679 |
| 792 | |tCommissariat aux langues officielles |efre|w(CaOODSP)9.534373 |
| 830 | #0|a2001-2002 estimates, part III: report on plans and priorities.|w(CaOODSP)9.508966 |